[Event "Challenge"]
[Site "http://www.queenalice.com/game.php?id=1447637"]
[Date "2016.11.3"]
[Round "-"]
[White "Tadek"]
[Black "FunChess"]
[Result "1-0"]
[WhiteElo "2236"]
[BlackElo "2409"]

1. e4 c5 2. Nf3 d6 3. d4 cxd4 4. Nxd4 Nf6 5. Nc3 a6 6. Bg5 e6 7. f4 Be7 8. Qf3
Nc6 9. O-O-O O-O 10. h3 Bd7 11. g4 Qb6 12. Nde2 Na5 13. Ng3 Bc6 14. Nh5 Rfc8 15.
Bxf6 Bxf6 16. Nxf6+ gxf6 17. Qg3 Qc5 18. Rh2 Kf8 19. Rhd2 Nc4 20. Bxc4 Qxc4 21.
Qh4 Ke7 22. g5 Bxe4 23. gxf6+ Kd7 24. Rxd6+ Kc7 25. R6d4 1-0

[Event "Challenge"]
[Site "http://www.queenalice.com/game.php?id=1447638"]
[Date "2016.11.3"]
[Round "-"]
[White "FunChess"]
[Black "Tadek"]
[Result "0-1"]
[WhiteElo "2356"]
[BlackElo "2253"]

1. e4 c5 2. d4 cxd4 3. c3 dxc3 4. Nxc3 Nc6 5. Bc4 e6 6. Nf3 a6 7. O-O Bc5 8. Qe2
Nge7 9. e5 O-O 10. Bg5 Nd4 11. Nxd4 Bxd4 12. Rfd1 Bxc3 13. bxc3 Re8 14. Rd4 Qc7
15. Bxe7 Rxe7 16. Rh4 f5 17. exf6 gxf6 18. Qf3 d5 19. Bd3 f5 20. Rc1 b5 21. c4
Bb7 22. c5 Bc6 23. g4 Rg7 24. Kf1 Qe7 25. Qh3 f4 26. Re1 e5 27. Bf5 e4 28. Rh6
Bd7 29. Qh5 Bxf5 30. Qxf5 Qxc5 31. Rxe4 Rf8 32. Qe6+ Kh8 33. Re1 f3 34. Rf6 Rxf6
35. Qxf6 Qc4+ 36. Kg1 Qxg4+ 0-1

[Event "Challenge"]
[Site "http://www.queenalice.com/game.php?id=1456337"]
[Date "2016.12.24"]
[Round "-"]
[White "Tadek"]
[Black "FunChess"]
[Result "1-0"]
[WhiteElo "2268"]
[BlackElo "2328"]

1. e4 c5 2. Nf3 d6 3. d4 cxd4 4. Nxd4 Nf6 5. Nc3 a6 6. Bg5 e6 7. Qd2 Be7 8.
O-O-O O-O 9. f4 Nc6 10. Nf3 b5 11. Bxf6 1-0

[Event "AUTO-ELITE-1776"]
[Site "http://www.queenalice.com/game.php?id=1458858"]
[Date "2017.1.10"]
[Round "1"]
[White "Tadek"]
[Black "Edson_Vieira"]
[Result "0-1"]
[WhiteElo "2259"]
[BlackElo "2306"]

1. e4 Nc6 2. Nf3 e5 3. d4 exd4 4. Nxd4 Qh4 5. Qd3 Bc5 6. c3 Nf6 7. Nd2 Ng4 8. g3
Qf6 9. f4 Bxd4 10. cxd4 Nb4 11. Qc3 Qxd4 12. Qxd4 Nc2+ 13. Kd1 Nxd4 0-1

[Event "AUTO-ELITE-1776"]
[Site "http://www.queenalice.com/game.php?id=1458859"]
[Date "2017.1.10"]
[Round "1"]
[White "Edson_Vieira"]
[Black "Tadek"]
[Result "1-0"]
[WhiteElo "2342"]
[BlackElo "2248"]

1. e4 c5 2. g3 Nc6 3. Bg2 Nf6 4. Ne2 e6 5. O-O Be7 6. d4 d6 7. d5 exd5 8. exd5
Ne5 9. f4 Ned7 10. Re1 O-O 11. Qd3 a6 12. c4 Re8 13. Nbc3 Nf8 14. b3 N6d7 15.
Rb1 b5 16. Ne4 b4 17. a3 a5 18. Ra1 Nb6 19. Ra2 f5 20. Nf2 Bf6 21. Nd1 Qe7 22.
Ne3 g6 23. Bd2 Ra7 24. Nf1 Qg7 25. axb4 axb4 26. Rxa7 Qxa7 27. Be3 Bd7 28. Nd2
Bc8 29. Bf2 Qg7 30. Nf1 Qa7 31. Ne3 Qg7 32. Nc1 Qa7 33. Re2 Qb7 34. Ng4 Rxe2 35.
Nxf6+ Kf7 36. Nxe2 Kxf6 37. Nd4 Bd7 38. Nf3 Qa8 39. Bd4+ Kf7 40. Bb2 Qa2 41. Qc2
Ba4 42. Ng5+ Ke8 43. Qe2+ Kd7 44. bxa4 Nxa4 45. Nxh7 Qxb2 46. Nxf8+ Kd8 47. Ne6+
Kc8 48. Qxb2 Nxb2 49. Bf1 Nd1 50. Nf8 b3 51. Nxg6 b2 52. Bd3 Nc3 53. Ne7+ Kd7
54. Nxf5 b1=Q+ 55. Bxb1 1-0

[Event "AUTO-ELITE-1776"]
[Site "http://www.queenalice.com/game.php?id=1458860"]
[Date "2017.1.10"]
[Round "1"]
[White "Tadek"]
[Black "BEBADO"]
[Result "0-1"]
[WhiteElo "2239"]
[BlackElo "2223"]

1. e4 c5 2. Nf3 Nc6 3. d4 cxd4 4. Nxd4 Nf6 5. Nc3 d6 6. Bg5 e6 7. Qd2 a6 8.
O-O-O Bd7 9. f4 b5 10. Nf3 Be7 11. Bxf6 gxf6 12. g4 Qb6 13. Kb1 Rc8 14. h4 Na5
15. Bd3 Nc4 16. Qe2 Qc5 17. Bxc4 Qxc4 18. Qxc4 Rxc4 19. Nd2 Rc7 20. g5 h6 21.
Nf3 Rc4 22. Nd2 Rc7 23. Nf3 Bc6 24. Nd4 hxg5 25. Nxc6 Rxc6 26. hxg5 Rxh1 27.
Rxh1 fxg5 28. f5 Bf6 29. fxe6 fxe6 30. Nd1 Kf7 31. Ne3 Kg6 32. Ng4 Bg7 33. c3
Rc4 34. Nf2 b4 35. cxb4 Rxb4 36. b3 Be5 37. Rh3 Rd4 38. Kc2 Bf4 0-1

[Event "AUTO-ELITE-1776"]
[Site "http://www.queenalice.com/game.php?id=1458861"]
[Date "2017.1.10"]
[Round "1"]
[White "BEBADO"]
[Black "Tadek"]
[Result "1-0"]
[WhiteElo "2260"]
[BlackElo "2227"]

1. e4 c5 2. Nf3 Nc6 3. d4 cxd4 4. Nxd4 Nf6 5. Nc3 e6 6. Nxc6 bxc6 7. e5 Nd5 8.
Ne4 Qc7 9. f4 Qb6 10. c4 Bb4+ 11. Ke2 Ba6 12. Kf3 f5 13. Nf2 Nc7 14. Be3 Bc5 15.
Bxc5 Qxc5 16. Qd6 Qb6 17. b4 O-O-O 18. Rb1 Ne8 19. Qc5 d6 20. exd6 Nxd6 21. Qxb6
axb6 22. Rc1 c5 23. bxc5 bxc5 24. Nd3 Bb7+ 25. Ke3 Ne4 26. Be2 Rhf8 27. Rc2 Rf7
28. Rb1 Rc7 29. Bf3 h6 30. Rb5 g5 31. g3 g4 32. Bg2 Nd6 33. Bxb7+ Nxb7 34. Rcb2
Rd6 35. Rb6 h5 36. R2b5 Rxb6 37. Rxb6 Nd8 38. Rd6 Ra7 39. Nxc5 Rxa2 40. Nxe6
Nxe6 41. Rxe6 Rxh2 42. Kd4 Rh3 43. Re3 h4 44. gxh4 Rxh4 45. Ke5 Rh5 46. Kf6 Kd8
47. Kg6 Rh3 48. Re2 Rc3 49. Kxf5 Rxc4 50. Kxg4 Rc7 51. Kg5 Re7 52. Rxe7 Kxe7 53.
Kg6 Kf8 54. f5 1-0

[Event "AUTO-ELITE-1831"]
[Site "http://www.queenalice.com/game.php?id=1478149"]
[Date "2017.5.15"]
[Round "1"]
[White "jandamian"]
[Black "Tadek"]
[Result "1-0"]
[WhiteElo "2582"]
[BlackElo "2216"]

1. e4 c5 2. c3 d5 3. exd5 Qxd5 4. d4 e5 5. Nf3 exd4 6. Bb5+ Nc6 7. O-O Bg4 8.
Re1+ Ne7 9. Nbd2 dxc3 10. bxc3 O-O-O 11. Qa4 Qh5 12. Rb1 f6 13. h3 Bxf3 14. Nxf3
g5 15. Ba3 g4 16. hxg4 1-0

[Event "AUTO-ELITE-1831"]
[Site "http://www.queenalice.com/game.php?id=1478150"]
[Date "2017.5.15"]
[Round "1"]
[White "Tadek"]
[Black "jandamian"]
[Result "0-1"]
[WhiteElo "2243"]
[BlackElo "2600"]

1. e4 d6 2. d4 Nf6 3. Nc3 g6 4. f4 Bg7 5. Nf3 c5 6. Be3 Ng4 7. Bg1 O-O 8. Qd2
cxd4 9. Nxd4 e5 10. Nf3 exf4 11. h3 Bxc3 12. Qxc3 Nf6 13. Bd3 d5 14. O-O-O Be6
15. Nd4 Nbd7 16. Qd2 Nc5 17. e5 Nh5 18. Bh2 Nxd3+ 19. Qxd3 Qg5 20. Qf3 Qxe5 21.
Ne2 Rfc8 22. Nxf4 Nxf4 23. Qxf4 Qe4 24. Qxe4 dxe4 25. b3 a5 26. Kb2 a4 27. a3
Rc6 28. Bf4 Rac8 29. Rc1 f5 30. Rhd1 Kf7 31. Rd6 Rxd6 32. Bxd6 g5 33. g3 Bd5 34.
Rd1 Ke6 35. c4 Kxd6 36. Rxd5+ Ke6 37. Rd1 e3 0-1

[Event "AUTO-ELITE-1831"]
[Site "http://www.queenalice.com/game.php?id=1478155"]
[Date "2017.5.15"]
[Round "1"]
[White "Tadek"]
[Black "Buuuu"]
[Result "1-0"]
[WhiteElo "2215"]
[BlackElo "2243"]

1. e4 c6 2. d4 d5 3. exd5 cxd5 4. c4 Nf6 5. Nc3 Nc6 6. cxd5 Nxd5 7. Bc4 Be6 8.
Bb5 g6 9. Nf3 Bg7 10. Ng5 O-O 11. Nxe6 fxe6 12. Bxc6 bxc6 13. O-O Qb6 14. Qe2
Bxd4 15. Qxe6+ Kh8 16. Nxd5 cxd5 17. Qxb6 axb6 18. a3 e5 19. Rb1 Rf6 20. Be3 Bc5
21. Rbc1 d4 22. Bh6 Kg8 23. b4 Bf8 24. Bxf8 Kxf8 25. Rfe1 Re6 26. f4 e4 27. Rcd1
Rd8 28. Kf2 Kf7 29. g4 Kf6 30. a4 h5 31. h3 d3 32. Ke3 hxg4 33. hxg4 Rc8 34. Rc1
Rec6 35. Rxc6+ Rxc6 36. a5 bxa5 37. bxa5 Rc4 38. Ra1 Rc2 39. a6 Re2+ 40. Kd4 d2
41. a7 1-0

[Event "AUTO-ELITE-1831"]
[Site "http://www.queenalice.com/game.php?id=1478156"]
[Date "2017.5.15"]
[Round "1"]
[White "Buuuu"]
[Black "Tadek"]
[Result "0-1"]
[WhiteElo "2220"]
[BlackElo "2230"]

1. e4 c5 2. Nf3 Nc6 3. d4 cxd4 4. Nxd4 Nf6 5. Nc3 e6 6. Be2 Bb4 7. Qd3 d5 8.
Nxc6 bxc6 9. Bd2 O-O 10. O-O-O Bxc3 11. Bxc3 Nxe4 12. Bb4 c5 13. Ba3 c4 14. Qe3
Re8 15. Bxc4 Nd6 16. Bd3 a5 17. Qg3 Nb7 18. Qh3 h6 19. Rhe1 Qb6 20. f4 Nc5 21.
Bxc5 Qxc5 22. g4 Ba6 23. g5 Bxd3 24. Rxd3 Qc4 25. Kb1 Qxf4 26. g6 f5 27. Qg2 Qg4
28. Rg3 Qb4 29. Rge3 Rab8 30. c3 Qd6 31. h4 e5 32. h5 e4 33. Rd1 f4 34. Qh2 Qf6
35. Ree1 Qxc3 36. Ka1 Qe5 37. Qd2 Qxh5 38. Qxd5+ Qxd5 39. Rxd5 f3 0-1

[Event "Challenge"]
[Site "http://www.queenalice.com/game.php?id=1483902"]
[Date "2017.6.26"]
[Round "-"]
[White "MADMIKE"]
[Black "Tadek"]
[Result "0-1"]
[WhiteElo "1876"]
[BlackElo "2242"]

1. d4 Nf6 2. d5 g6 3. e4 Nxe4 4. c4 Bg7 5. Bd3 Nf6 6. Nf3 d6 7. h3 c6 8. Nc3 O-O
9. O-O cxd5 10. cxd5 Nbd7 11. Ng5 Nb6 12. Be3 Nbxd5 13. a3 Nxc3 14. bxc3 Bd7 15.
f4 Qa5 16. c4 Bc6 17. f5 d5 18. Bd2 Qb6+ 19. Kh1 dxc4 20. Bxc4 Bxg2+ 21. Kxg2
Qc6+ 22. Nf3 Qxc4 23. Rc1 Qa2 24. fxg6 hxg6 25. a4 Nd5 26. Rf2 Qa3 27. Qe1 Qxa4
28. Ng5 e6 29. Rb1 b6 30. Kh2 Qd4 31. Kh1 a5 32. Qf1 Ra7 33. Nf3 Qc5 34. Rc1 Qe7
35. Bg5 Bf6 36. Bh6 Bg7 37. Bd2 a4 38. Rb1 a3 39. Bg5 Qd6 40. h4 a2 0-1

[Event "Challenge"]
[Site "http://www.queenalice.com/game.php?id=1483903"]
[Date "2017.6.26"]
[Round "-"]
[White "Tadek"]
[Black "MADMIKE"]
[Result "1-0"]
[WhiteElo "2228"]
[BlackElo "1887"]

1. e4 e5 2. d4 exd4 3. Qxd4 Nc6 4. Qe3 d6 5. Nc3 Nf6 6. Bd2 Be7 7. O-O-O O-O 8.
f3 a6 9. g4 b5 10. g5 Nh5 11. f4 Bb7 12. Be2 g6 13. Bxh5 gxh5 14. Nge2 h4 15. f5
f6 16. g6 Ne5 17. gxh7+ Kh8 18. Rhg1 Qe8 19. Nf4 Qf7 20. Ng6+ Nxg6 21. Rxg6 c6
22. Rdg1 d5 23. Qh6 d4 24. Rg7 Qc4 25. Rg8+ Rxg8 26. hxg8#=Q# 1-0

[Event "AUTO-ELITE-1896"]
[Site "http://www.queenalice.com/game.php?id=1501875"]
[Date "2017.11.3"]
[Round "1"]
[White "Tadek"]
[Black "Nguxi59"]
[Result "0-1"]
[WhiteElo "2241"]
[BlackElo "2608"]

1. e4 e5 2. d4 exd4 3. Qxd4 Nc6 4. Qe3 Nf6 5. Nc3 Bb4 6. Bd2 O-O 7. O-O-O Re8 8.
Bc4 d6 9. f3 Na5 10. Be2 Nc6 11. Qg5 Be6 12. Kb1 d5 13. e5 h6 14. Qg3 Nh5 15.
Qf2 Nxe5 16. f4 Ng4 17. Bxg4 Bxg4 18. Nf3 Nf6 19. h3 Bxf3 20. gxf3 d4 21. Na4
Bf8 22. b3 b5 23. Nb2 c5 24. Rhg1 Nd5 25. Ka1 Qf6 26. Nd3 Ne3 27. Rc1 c4 28. Ne5
Qxf4 0-1

[Event "AUTO-ELITE-1896"]
[Site "http://www.queenalice.com/game.php?id=1501876"]
[Date "2017.11.3"]
[Round "1"]
[White "Nguxi59"]
[Black "Tadek"]
[Result "1-0"]
[WhiteElo "2603"]
[BlackElo "2242"]

1. e4 c5 2. Nf3 Nc6 3. d4 cxd4 4. Nxd4 Nf6 5. Nc3 e6 6. Ndb5 Bb4 7. a3 Bxc3+ 8.
Nxc3 d5 9. exd5 exd5 10. Bd3 d4 11. Ne2 Bf5 12. O-O Bxd3 13. Qxd3 Qb6 14. Bg5
Nd7 15. Qf5 Qc5 16. Nxd4 Qxf5 17. Nxf5 O-O 18. Rad1 Nc5 19. Be7 Nxe7 20. Nxe7+
Kh8 21. b4 Ne6 22. c4 g6 23. f4 Rfd8 24. f5 Nd4 25. fxg6 fxg6 26. Nd5 Nf5 27. g4
Nh6 28. h3 Kg7 29. Nc7 Rxd1 30. Rxd1 Rc8 31. Rd7+ Kh8 32. Nd5 Ng8 33. Rxb7 1-0

[Event "AUTO-ELITE-1896"]
[Site "http://www.queenalice.com/game.php?id=1501877"]
[Date "2017.11.3"]
[Round "1"]
[White "Tadek"]
[Black "jacconsultoria"]
[Result "0-1"]
[WhiteElo "2239"]
[BlackElo "2664"]

1. e4 c5 2. Nf3 e6 3. d4 cxd4 4. Nxd4 a6 5. Nc3 Qc7 6. Bd3 Nf6 7. O-O Bc5 8. Nb3
Be7 9. Kh1 Nc6 10. f4 d6 11. a3 b5 12. Na2 Bb7 13. Qe1 Nd7 14. Bd2 Nc5 15. Nxc5
dxc5 16. Qg3 c4 17. Be2 Nd4 18. Bf3 O-O 19. Bc3 Bc5 20. Rad1 Rad8 21. Bxd4 Bxd4
22. c3 Be3 23. e5 Rxd1 24. Rxd1 Rd8 25. Nb4 Rxd1+ 26. Bxd1 Qd8 27. Bf3 Qd2 0-1

[Event "AUTO-ELITE-1896"]
[Site "http://www.queenalice.com/game.php?id=1501878"]
[Date "2017.11.3"]
[Round "1"]
[White "jacconsultoria"]
[Black "Tadek"]
[Result "1-0"]
[WhiteElo "2663"]
[BlackElo "2240"]

1. Nf3 Nf6 2. g3 g6 3. Bg2 Bg7 4. O-O O-O 5. d3 d5 6. Nbd2 Nbd7 7. Re1 e5 8. e4
d4 9. Nc4 Re8 10. a4 b6 11. Nxd4 exd4 12. e5 Rb8 13. exf6 Nxf6 14. Rxe8+ Qxe8
15. Bf4 Qd8 16. Qe2 Bb7 17. Bxb7 Rxb7 18. a5 Rb8 19. axb6 axb6 20. Ra7 Nd5 21.
Qe4 Nxf4 22. Qxf4 Qd5 23. Qxc7 Re8 24. Ra1 h5 25. Nd6 Re2 26. Ne4 Qf5 27. Qd8+
Kh7 28. Ng5+ Kh6 29. f4 Rxc2 30. Qg8 1-0

[Event "Challenge"]
[Site "http://www.queenalice.com/game.php?id=1511828"]
[Date "2018.1.14"]
[Round "-"]
[White "Tadek"]
[Black "bobrich18"]
[Result "0-1"]
[WhiteElo "2230"]
[BlackElo "2387"]

1. e4 e5 2. d4 Nc6 3. dxe5 Nxe5 4. f4 Ng6 5. Be3 d6 6. Nc3 Nf6 7. h3 Qe7 8. Qd3
Bd7 9. O-O-O Bc6 10. f5 Ne5 11. Qd4 g6 12. fxg6 hxg6 13. Nf3 a6 14. Nxe5 dxe5
15. Qd3 Rd8 16. Qxd8+ Qxd8 17. Rxd8+ Kxd8 18. Bd3 Ng4 19. Bd2 Nf2 20. Rf1 Nxd3+
21. cxd3 Ke8 22. Kc2 Be7 23. Rf2 Rh5 24. Re2 Bd6 25. Be1 f5 26. exf5 gxf5 27.
Bg3 Kf7 28. h4 Kf6 29. Be1 Rh8 30. g3 Kg6 31. a3 Kh5 32. Kd2 Bf3 33. Rf2 Kg4 34.
Rf1 Bc5 35. Nd1 Bg2 36. Nf2+ Kf3 37. Ne4+ Bxf1 38. Nxc5 Rd8 0-1

[Event "Challenge"]
[Site "http://www.queenalice.com/game.php?id=1511829"]
[Date "2018.1.14"]
[Round "-"]
[White "bobrich18"]
[Black "Tadek"]
[Result "1-0"]
[WhiteElo "2379"]
[BlackElo "2238"]

1. d4 Nf6 2. Nf3 g6 3. e3 Bg7 4. b4 O-O 5. c4 d6 6. Bb2 Nbd7 7. Be2 c5 8. bxc5
dxc5 9. O-O cxd4 10. exd4 b6 11. Nc3 Bb7 12. Re1 Rc8 13. Qa4 Bc6 14. Qb3 Ne4 15.
Nb5 Ra8 16. Rad1 a6 17. Nc3 Nxc3 18. Bxc3 Qc7 19. Bb4 Nf6 20. d5 Bb7 21. d6 Qc6
22. dxe7 Rfe8 23. Nh4 Ne4 24. Bf3 f5 25. c5+ Kh8 26. Bxe4 fxe4 27. Rd6 Qc7 28.
Nxg6+ hxg6 29. Qh3+ Kg8 30. Qe6+ Kh8 31. Re3 1-0

[Event "Challenge"]
[Site "http://www.queenalice.com/game.php?id=1513561"]
[Date "2018.1.26"]
[Round "-"]
[White "Tadek"]
[Black "PopowskiF"]
[Result "1-0"]
[WhiteElo "2223"]
[BlackElo "2290"]

1. e4 e5 2. d4 exd4 3. Qxd4 Nc6 4. Qe3 Nf6 5. Nc3 Bb4 6. Bd2 O-O 7. O-O-O Re8 8.
Bc4 d6 9. f4 Bg4 10. Nf3 Bxc3 11. Bxc3 Nxe4 12. Qe1 Nxc3 13. Qxc3 Be6 14. Bb5
Bd7 15. h3 a6 16. Bd3 Qf6 17. Qxf6 gxf6 18. a3 Re3 19. Rde1 Rae8 20. Kd2 Rxe1
21. Rxe1 Rxe1 22. Kxe1 Kf8 23. Kf2 Ne7 24. g4 h6 25. f5 c5 26. Nd2 Kg7 27. Ne4
Nc8 28. Ng3 Kf8 29. Nh5 1-0

[Event "Challenge"]
[Site "http://www.queenalice.com/game.php?id=1513562"]
[Date "2018.1.26"]
[Round "-"]
[White "PopowskiF"]
[Black "Tadek"]
[Result "0-1"]
[WhiteElo "2276"]
[BlackElo "2237"]

1. e4 c5 2. Nf3 Nc6 3. d4 cxd4 4. Nxd4 Nf6 5. Nc3 e6 6. Bc4 Bb4 7. O-O O-O 8.
Nxc6 bxc6 9. Bg5 Be7 10. Qf3 d5 11. Bd3 Nd7 12. Bxe7 Qxe7 13. exd5 cxd5 14. Rfe1
Qf6 15. Qh3 h6 16. Qg3 Nc5 17. Bb5 Ba6 18. Bxa6 Nxa6 19. Qd6 Nb8 20. Rad1 Rd8
21. Qc7 Nd7 22. Qg3 Rab8 23. Qc7 Rxb2 24. Nxd5 exd5 25. Rxd5 Rxa2 26. Rxd7 Rxd7
27. Qxd7 a5 28. Qe8+ Kh7 29. Qe4+ Qg6 0-1

[Event "Challenge"]
[Site "http://www.queenalice.com/game.php?id=1533276"]
[Date "2018.7.1"]
[Round "-"]
[White "bobrich18"]
[Black "Tadek"]
[Result "1-0"]
[WhiteElo "2424"]
[BlackElo "2236"]

1. Nf3 Nf6 2. d4 e6 3. e3 d5 4. Bd3 c5 5. b3 Nc6 6. a3 Be7 7. O-O O-O 8. Bb2 a6
9. Nbd2 b5 10. c4 bxc4 11. bxc4 dxc4 12. Nxc4 cxd4 13. Nxd4 Bb7 14. Rb1 Rb8 15.
Ne2 Qc7 16. Qc2 h6 17. Nf4 Rfe8 18. Rfc1 Nd7 19. Bh7+ Kf8 20. Be4 Bf6 21. Nh5
Bxb2 22. Qxb2 e5 23. Qe2 g6 24. Qd1 Ke7 25. Ng3 Nc5 26. Nb6 Qd6 27. Qc2 Nxe4 28.
Nxe4 Qe6 29. Qc5+ 1-0

[Event "Challenge"]
[Site "http://www.queenalice.com/game.php?id=1535198"]
[Date "2018.7.18"]
[Round "-"]
[White "Tadek"]
[Black "bobrich18"]
[Result "0-1"]
[WhiteElo "2243"]
[BlackElo "2420"]

1. e4 e5 2. d4 exd4 3. Qxd4 Nc6 4. Qe3 Nf6 5. Nc3 Bb4 6. Bd2 O-O 7. O-O-O Re8 8.
Qg3 Nxe4 9. Nxe4 Rxe4 10. Bf4 Qf6 11. Nh3 d6 12. Bd3 Re8 13. Ng5 Bf5 14. Bc4 Bg6
15. h4 Nd4 16. Rxd4 Qxd4 17. Bb3 Re1+ 18. Rxe1 Bxe1 19. Be3 Qf6 20. Nf3 Ba5 21.
Qg5 Qxg5 22. Nxg5 Re8 23. g4 h5 24. gxh5 Bxh5 25. c3 Bb6 26. Kd2 Bxe3+ 27. fxe3
c6 0-1

[Event "Challenge"]
[Site "http://www.queenalice.com/game.php?id=1538337"]
[Date "2018.8.10"]
[Round "-"]
[White "ArnoBlack"]
[Black "Tadek"]
[Result "1/2-1/2"]
[WhiteElo "2282"]
[BlackElo "2230"]

1. f4 Nf6 2. Nf3 g6 3. Nc3 Bg7 4. e4 d6 5. d4 O-O 6. Be2 c6 7. O-O Bg4 8. h3
Bxf3 9. Bxf3 e5 10. Be3 Qc7 11. fxe5 dxe5 12. d5 Nbd7 13. d6 Qb8 14. Qd3 Rd8 15.
Rad1 Ne8 16. Bg4 Bf8 17. Bg5 f6 18. Bxd7 Rxd7 19. Bxf6 Nxf6 20. Rxf6 Qd8 21. Re6
Qb6+ 22. Kh2 Rad8 23. Qc4 Kg7 24. Na4 Qe3 25. Qf1 Rf7 26. Qd3 Qf4+ 27. Kh1 b6
28. c4 Rfd7 29. c5 Qf7 30. Qb3 bxc5 31. Nxc5 Rxd6 32. Rg1 Re8 33. Rxe8 Qxe8 34.
Rf1 Qe7 35. Qb8 Kg8 36. Qb3+ Kg7 37. Qb8 Kg8 38. Qc8 Qd8 39. Qa6 Qe7 40. Qc8 Qd8
41. Qa6 Qe7 42. Qc8 Qd8 43. Qg4 Qe7 44. h4 Rf6 45. Rxf6 Qxf6 46. Nd7 Qd6 47.
Nxf8 Kxf8 48. b3 Ke7 49. Qe2 Qf6 50. g3 Kd6 51. b4 Kc7 52. a3 Kb7 53. Kg2 h5 54.
b5 cxb5 55. Qxb5+ Ka8 56. a4 a6 57. Qe8+ Kb7 58. a5 Qd6 59. Kf1 Qd1+ 60. Kf2
Qd2+ 61. Kf3 Qd3+ 62. Kf2 Qd2+ 63. Kf3 Qd3+ 64. Kf2 Qd2+ 65. Kf3 1/2-1/2